000 00496nam a2200205Ia 4500
003 OSt
005 20251027115812.0
008 210210b1994 xxu||||| |||| 00| 0 eng d
020 _a0140154647
040 _cAL
041 _aeng
082 _a820.33
_bTHAS
100 _aShashi Tharoor
_938615
245 _aShow business
260 _aNew Delhi
_bPenguin Books India Pvt Ltd
_c1991
300 _ax,310p
690 _aIndian English Fiction
_938618
906 _a067367
942 _2ddc
_cBK
999 _c149731
_d149731